|
|
|
|
| LEADER |
00000nab a2200000 a 4500 |
| 001 |
vtls008775232 |
| 003 |
SK-MaSNL |
| 005 |
20260304224841.0 |
| 008 |
250505c2005 xo qr|p|||||||000 b|slo |
| 015 |
|
|
|a SNBRB2006/06
|2 snkbucl
|
| 035 |
|
|
|a (uuid)3c981ceb-7974-4634-9880-e7fa475414f9
|
| 035 |
|
|
|a urn:nbn:sk:snk-abxd6
|
| 035 |
|
|
|a (urnnbn)urn:nbn:sk:snk:ar-a03up5
|
| 038 |
|
|
|a SNKBUCL
|
| 040 |
|
|
|a SNKBUCL
|b slo
|c SNKBUCL
|e AACR2
|
| 041 |
0 |
|
|a eng
|
| 044 |
|
|
|a xo
|c SK
|
| 080 |
|
|
|a 624.04:514.8+57.01/.05
|2 1997
|
| 080 |
|
|
|a 57.01/.05:624
|2 1997
|
| 080 |
|
|
|a 514.8
|2 1997
|
| 100 |
1 |
|
|a Tesár, Alexander,
|d 1947-
|4 aut
|9 107668
|
| 245 |
1 |
0 |
|a Bionics and fractal configurations in structural engineering
|c Alexander Tesar
|
| 300 |
|
|
|b Fotogr., sch.
|
| 504 |
|
|
|a Bibliogr. odkazy
|
| 546 |
|
|
|a Res. angl.
|
| 650 |
0 |
7 |
|a stavebné konštrukcie
|2 snkbucl
|9 3695
|
| 650 |
0 |
7 |
|a navrhovanie
|2 snkbucl
|9 278395
|
| 650 |
0 |
7 |
|a fraktálna geometria
|2 snkbucl
|9 77993
|
| 650 |
0 |
7 |
|a technická bionika
|2 snkbucl
|9 1560383
|
| 773 |
0 |
|
|t Building research journal
|g Vol. 53, no. 4 (2005), p. 239-258
|x 1335-8863
|
| 850 |
|
|
|a Slovenská národná knižnica
|
| 852 |
|
|
|a Slovenská národná knižnica
|
| 958 |
|
|
|a article27
|
| 958 |
|
|
|a NB
|
| 958 |
|
|
|a OND
|
| 958 |
|
|
|a EUIPO
|
| 999 |
|
|
|c 3174490
|d 3176420
|